|
|
|
|
| LEADER |
00000nam0a2200000 4500 |
| 001 |
297450 |
| 005 |
20231102001017.0 |
| 035 |
|
|
|a (RuTPU)RU\TPU\book\322583
|
| 090 |
|
|
|a 297450
|
| 100 |
|
|
|a 20150608d1968 k y0rusy50 ca
|
| 101 |
0 |
|
|a rus
|
| 102 |
|
|
|a RU
|
| 105 |
|
|
|a a z 001zy
|
| 200 |
1 |
|
|a История развития и биономическая характеристика позднедевонского бассейна на западном склоне Среднего и Южного Урала
|f Б. И. Чувашов
|g Академия наук СССР (АН СССР), Уральский филиал (УФ), Институт геологии и геохимии (ИГГ)
|
| 210 |
|
|
|a Москва
|c Наука
|d 1968
|
| 215 |
|
|
|a 132 с.
|c ил.
|
| 320 |
|
|
|a Библиогр.: с. 128-130.
|
| 606 |
1 |
|
|a Палеобиоценозы
|2 stltpush
|3 (RuTPU)RU\TPU\subj\47945
|9 66842
|
| 610 |
1 |
|
|a Урал
|
| 610 |
1 |
|
|a девон
|
| 610 |
1 |
|
|a фауна
|
| 610 |
1 |
|
|a водоросли
|
| 610 |
1 |
|
|a осадконакопление
|
| 610 |
1 |
|
|a фораминиферы
|
| 610 |
1 |
|
|a радиолярии
|
| 610 |
1 |
|
|a кишечнополостные
|
| 610 |
1 |
|
|a брахиоподы
|
| 610 |
1 |
|
|a черви
|
| 610 |
1 |
|
|a моллюски
|
| 610 |
1 |
|
|a трилобиты
|
| 610 |
1 |
|
|a остракоды
|
| 675 |
|
|
|a 56.07
|v 4
|
| 700 |
|
1 |
|a Чувашов
|b Б. И.
|g Борис Иванович
|
| 712 |
0 |
2 |
|a Академия наук СССР (АН СССР)
|b Уральский филиал (УФ)
|b Институт геологии и геохимии (ИГГ)
|c (Свердловск)
|2 stltpush
|3 (RuTPU)RU\TPU\col\13849
|
| 801 |
|
1 |
|a RU
|b 63413507
|c 20150608
|
| 801 |
|
2 |
|a RU
|b 63413507
|c 20150610
|g RCR
|
| 942 |
|
|
|c BK
|